000 00729nam a2200265 a 4500
999 _c23621
_d23621
001 vtls000287861
005 20241016113256.0
008 020212s2001 xo a 000 p slo c
020 _a8080611262 (viaz.)
035 _aUKB000302262
040 _aBAA001
_bslo
_cBAA001
_eAACR2
041 1 _aslo
044 _axo
_cSK
080 _a885.4-1
100 1 _aStanislav, Pavol,
_d1943-
_94021
245 0 0 _aPožehnaný domov
_cPavol Stanislav
250 _a1. vyd
260 _aBratislava
_bVydavateľstvo Spolku slovenských spisovateľov
_c2001
300 _a60 s
490 1 _aPoézia
500 _aFrontsp
650 0 7 _aliteratúra slovenská
_xpoézia
_94001
650 0 7 _apoézia slovenská
_94002
653 _a885.4-1